Informe a la ministra Josefina Pimentel, Hallazgo y acciones de los primeros 21 días. Gestión 2012-2016 (Record no. 7926)

MARC details
000 -LEADER
campo de control de longitud fija 00476nam a2200133Ia 4500
001 - NÚMERO DE CONTROL
campo de control 3710
008 - DATOS DE LONGITUD FIJA--INFORMACIÓN GENERAL
campo de control de longitud fija 241024s9999 xx 000 0 und d
082 ## - NÚMERO DE LA CLASIFICACIÓN DECIMAL DEWEY
Número de clasificación RD/796.4/R426i/2012
100 ## - ENTRADA PRINCIPAL--NOMBRE DE PERSONA
Nombre de persona República Dominicana.Ministerio de Educación. Instituto Nacional de Educación Física.
245 #0 - MENCIÓN DEL TÍTULO
Título Informe a la ministra Josefina Pimentel, Hallazgo y acciones de los primeros 21 días. Gestión 2012-2016
260 ## - PUBLICACIÓN, DISTRIBUCIÓN, ETC.
Nombre del editor, distribuidor, etc. MINERD
Fecha de publicación, distribución, etc. 2012
901 ## - ELEMENTOS DE DATOS A LOCAL LDA (RLIN)
a 17/2/2014 9:41:41 a.m.

No items available.

© 2024. Todos los Derechos Reservados. Desarrollado por IDEICE